[Event "DEN-chT XtraCon 2018-19"]
[Site "Denmark"]
[Date "2019.03.17"]
[Round "9"]
[White "Rathlev, Jakob"]
[Black "Pilgaard, Kim"]
[Result "1/2-1/2"]
[WhiteElo "2228"]
[BlackElo "2416"]
[Annotator "TA"]
[PlyCount "65"]
[EventDate "2018.10.27"]
[EventType "team-tourn"]
[EventCountry "DEN"]
[SourceTitle "playchess.com"]
[Source "ChessBase"]
[SourceQuality "1"]

{[%evp 17,65,14,11,11,27,15,12,-79,-37,-32,-29,-32,8,-37,27,32,31,36,41,23,23,22,37,0,0,0,84,85,84,86,87,89,98,84,101,100,107,110,104,86,87,54,91,98,101,87,85,66,64,39]} 1. Nf3 d5 2. b3 Nf6 3. Bb2 g6 4. c4 c6 {[%cal Bc7c6,Bc6d5,Bd5d4][%mdl 32]} 5. g3 Bg7 6. Bg2 O-O 7. O-O Qb6 8. cxd5 {A11: English Opening: 1...c6} cxd5 9. Nc3 Nc6 {LiveBook: 3 Games} (9... Bd7 10. d4 Rc8 11. Ne5 e6 12. Rc1 Na6 13. f4 Nc7 14. g4 Be8 {1-0 (37) Short,N (2683)-Grigoryan,K (2559) Bangkok 2017}) 10. Rc1 {[%cal Ba1c1,Bc1c4,Bc4d4][%mdl 32] The position is equal.} Bf5 11. d3 Rac8 $146 ({Predecessor:} 11... Rfd8 12. Qc2 Rac8 13. Qb1 h6 14. Na4 Qb5 15. Qa1 a5 {1-0 (29) Eichab,C (2048)-Kumar,M (1987) Tromsoe 2014}) 12. Qc2 (12. a3 $11) 12... d4 13. Na4 Qd8 14. Qb1 b6 15. Rc4 {[%cal Rf3d4]} (15. b4 $5 {[%cal Rb4b5]}) 15... Be6 (15... Ng4 $15 16. h3 Nxf2) 16. Nxd4 $11 Nxd4 17. Rxd4 Qe8 18. Qa1 Rc2 19. Bf3 Qb8 20. Rc4 Bxc4 21. bxc4 b5 (21... Qe8 $11 22. Nc3 Nd7) 22. Qb1 $16 Rxb2 23. Nxb2 {[%cal Ba4b2,Bb2c4,Bc4e3][%mdl 32]} bxc4 24. Nxc4 Qc7 25. Qc2 Rb8 26. Rb1 Nd7 27. Rxb8+ Qxb8 28. Ne3 e6 29. Qb3 Qd8 30. Qb7 a5 31. a4 h5 32. Nc4 Ne5 33. Bc6 {Precision: White = 36%, Black = 51%.} 1/2-1/2

[Event "DEN-chT XtraCon 2018-19"]
[Site "Denmark"]
[Date "2019.03.17"]
[Round "9"]
[White "Borovnica, Tihomir"]
[Black "Lindgren, Philip"]
[Result "1-0"]
[WhiteElo "2226"]
[BlackElo "2383"]
[Annotator "NA"]
[PlyCount "111"]
[EventDate "2018.10.27"]
[EventType "team-tourn"]
[EventCountry "DEN"]
[SourceTitle "playchess.com"]
[Source "ChessBase"]
[SourceQuality "1"]
[TimeControl "40/5400+30:1800+30"]

1. d4 {[%emt 0:00:00]} Nf6 {[%emt 0:00:17]} 2. c4 {[%emt 0:00:00]} e6 {[%emt 0:00:08]} 3. Nf3 {[%emt 0:00:00]} d5 {[%emt 0:00:34]} 4. Nc3 {[%emt 0:00:02]} Nbd7 {[%emt 0:01:07]} 5. Bg5 {[%emt 0:04:34]} h6 {[%emt 0:04:05]} 6. Bxf6 {[%emt 0:01:39]} Nxf6 {[%emt 0:00:30]} 7. e3 {[%emt 0:00:08]} Be7 {[%emt 0:06:59]} 8. c5 {[%emt 0:04:37] D53: Queen's Gambit Declined: 4 Bg5 Be7: Early deviations} (8. Bd3 dxc4 9. Bxc4 a6 10. O-O c5 11. Ne5 O-O 12. Bb3 Qc7 13. Rc1 b6 14. f4 Bb7 15. f5 Bd6 16. fxe6 Bxe5 17. exf7+ {1-0 (23) Fressinet,L (2693)-Mastrovasilis,D (2584) Aix les Bains 2011}) 8... c6 {[%emt 0:03:20]} 9. Ne5 $146 {[%emt 0:07:12]} ({Predecessor:} 9. Bd3 O-O 10. O-O b6 11. b4 a5 12. a3 Nd7 13. Nd2 e5 14. Bf5 exd4 15. exd4 Nf6 {1-0 (33) Kuehner,T (1412)-Patzak,C (1172) Frankfurt 2013}) 9... Nd7 {[%emt 0:13:56]} 10. f4 {[%emt 0:00:07]} Nxe5 {[%emt 0:03:46]} 11. fxe5 {[%emt 0:01:08]} O-O {[%emt 0:06:01]} 12. Bd3 {[%emt 0:01:07]} f6 {[%emt 0:05:04]} 13. exf6 {[%emt 0:00:08]} (13. Qh5 $11) 13... Rxf6 {[%emt 0:02:49]} 14. Qh5 {[%emt 0:06:23]} Bd7 {[%emt 0:02:25]} 15. O-O-O {[%emt 0:01:29]} Qe8 {[%emt 0:02:45]} 16. Qe5 {[%emt 0:00:11]} b6 {[%emt 0:04:03]} 17. cxb6 {[%emt 0:00:31]} axb6 {[%emt 0:00:17]} 18. Rdf1 {[%emt 0:00:28]} b5 {[%emt 0:03:14]} 19. Kb1 {[%emt 0:00:21]} (19. a3 $15) 19... Qb8 {[%emt 0:09:09]} 20. Qh5 {[%emt 0:10:20]} b4 {[%emt 0:10:15]} 21. Ne2 {[%emt 0:00:36]} Qa7 {[%emt 0:00:46]} 22. Nc1 {[%emt 0:00:10]} Raf8 {[%emt 0:02:38]} 23. Rxf6 {[%emt 0:01:40]} Rxf6 {[%emt 0:00:06]} 24. Nb3 Qb8 25. Rc1 {[%emt 0:10:07]} Be8 {[%emt 0:03:17]} 26. Qh3 {[%emt 0:01:38]} e5 {[%emt 0:02:11]} 27. g3 {[%emt 0:04:51]} e4 {[%emt 0:03:48]} 28. Be2 $15 {[%emt 0:01:10]} Kh7 {[%emt 0:03:23]} 29. Qg2 {[%emt 0:08:18]} Bg6 {[%emt 0:00:29]} 30. Qg1 {[%emt 0:00:16]} Qf8 {[%emt 0:02:27]} 31. Nc5 {[%emt 0:01:49]} Bf5 {[%emt 0:02:36]} 32. Ba6 {[%emt 0:23:13]} Bh3 {[%emt 0:00:54]} 33. Qe1 {[%emt 0:01:35]} Rf2 {[%emt 0:01:47]} 34. Qxb4 {[%emt 0:00:54]} Rxh2 {[%emt 0:00:57]} 35. a4 {[%emt 0:00:05]} Qf2 {[%emt 0:00:37]} 36. Qb3 {[%emt 0:08:50]} Qxg3 {[%emt 0:00:42]} 37. Bb7 {[%emt 0:01:58]} Bd8 {[%emt 0:00:36]} 38. Bxc6 {[%emt 0:00:20]} Re2 {[%emt 0:00:23]} 39. Bxd5 {[%emt 0:00:15]} Rxe3 {[%emt 0:00:35]} 40. Bxe4+ {[%emt 0:00:05]} Kh8 {[%emt 0:00:32]} 41. Qd5 {[%emt 0:02:11]} Qh4 {[%emt 0:08:49]} 42. Bc2 {[%emt 0:03:15]} Qe7 {[%emt 0:09:31]} 43. Qa8 {[%emt 0:07:09]} Qf6 {[%emt 0:02:53]} 44. a5 {[%emt 0:01:53]} Re8 {[%emt 0:04:30]} 45. a6 {[%emt 0:02:54]} Qxd4 {[%emt 0:02:59]} 46. Qc6 {[%emt 0:03:13]} Re2 {[%emt 0:04:11]} 47. Qg6 {[%emt 0:02:55]} Rxc2 {[%emt 0:00:28]} 48. Qxc2 {[%emt 0:01:35]} Bb6 {[%emt 0:00:33]} 49. Rd1 {[%emt 0:01:17]} Qf6 {[%emt 0:00:32]} 50. Ne4 {[%emt 0:05:18]} Qf3 {[%emt 0:00:33]} 51. a7 {[%emt 0:00:14]} Qf8 {[%emt 0:00:30]} 52. Nd6 {[%emt 0:02:37]} Bxa7 {[%emt 0:00:30]} 53. Nf7+ {[%emt 0:00:38]} Kg8 {[%emt 0:00:31]} 54. Rd8 {[%emt 0:00:11]} Kxf7 {[%emt 0:00:08]} 55. Qc4+ {[%emt 0:00:57]} Be6 {[%emt 0:00:40]} 56. Qf4+ {[%emt 0:00:06]} 1-0

[Event "DEN-chT XtraCon 2018-19"]
[Site "Denmark"]
[Date "2019.03.17"]
[Round "9"]
[White "Ostergaard, Jens"]
[Black "Hansen, Mads"]
[Result "1/2-1/2"]
[WhiteElo "2206"]
[BlackElo "2413"]
[Annotator "TA"]
[PlyCount "130"]
[EventDate "2018.10.27"]
[EventType "team-tourn"]
[EventCountry "DEN"]
[SourceTitle "playchess.com"]
[Source "ChessBase"]
[SourceQuality "1"]

{[%evp 28,130,0,-44,0,-84,-85,-81,-90,-86,-58,-54,-45,-64,-64,-65,-75,-79,-74,-64,-77,-68,-83,-71,-78,-120,-69,-64,-67,-101,-101,-101,-114,-133,-122,-109,-69,-40,-25,-25,0,-54,-52,-61,-54,-52,-54,-53,-35,-42,-35,-22,-16,-16,-13,-13,-13,-16,-9,-9,-9,-9,-9,-9,-9,-9,-9,-16,-16,-16,-16,-16,-16,-16,-16,-16,-16,-16,-16,-16,-16,-16,-16,-16,-16,-16,-16,-16,-16,-37,-22,-22,-16,-16,-16,-16,-16,-16,-16,-16,-16,-16,-16,-16,-16]} 1. d4 Nf6 2. Nf3 d5 3. c4 e6 4. Nc3 c6 5. e3 Nbd7 6. Bd3 dxc4 7. Bxc4 b5 8. Bd3 Bb7 9. O-O a6 10. e4 c5 11. d5 c4 12. dxe6 fxe6 13. Bc2 Qc7 14. Qe2 Bd6 15. Nd4 (15. Re1 $5 {[%cal Re4e5]} Ne5 16. Nd4 $15) 15... Nc5 {D48: Semi-Slav: Meran System: 7...b5 8 Bd3 a6} 16. Kh1 (16. f4 $11 {keeps the balance.} e5 17. Nf5) (16. f4 e5 17. Ndxb5 axb5 18. Nxb5 Qb6 19. Nxd6+ Qxd6 20. fxe5 Qxe5 21. Rf5 Qe7 22. Qxc4 Ncd7 23. Bd2 {½-½ (44) Onischuk,A (2664)-Karjakin,S (2732) Foros 2008}) 16... O-O $17 ({Much weaker is} 16... Bxh2 17. g3 $11) 17. f4 e5 {Black is better.} 18. Nf5 Ne6 {White must now prevent ...Nd4.} 19. Nxd6 Qxd6 20. fxe5 Qxe5 {aiming for ...Ng4!} 21. Rf5 Nd4 $146 ({Predecessor:} 21... Qc7 22. Be3 g6 23. Rf2 {½-½ (35) Malakhatko,V (2617)-Jaracz,P (2476) Warsaw 2006}) 22. Rxe5 Nxe2 23. Nxe2 {Hoping for Bf4.} Ng4 {( -> ...Rf1+)} 24. Bf4 ({Don't go for} 24. Rf5 $2 Rxf5 25. exf5 Re8 $19) 24... Rxf4 $1 25. Nxf4 Nxe5 26. Rd1 Rf8 ({Black should play} 26... Ng4 $17 27. Re1 Rf8) 27. Ne6 $15 Rf6 28. Nd4 {[#]} Nd3 $1 {[%mdl 512]} 29. Bxd3 cxd3 $17 {[%mdl 4096] Endgame KRB-KRN} 30. Kg1 Bxe4 31. Nb3 Bg6 32. Nc5 Rd6 33. Kf2 Rd5 34. b4 {[#]} (34. Nxa6 $11 Rf5+ 35. Kg1) 34... a5 $1 $15 {[%mdl 512]} 35. Ke3 (35. bxa5 Rxc5) 35... axb4 36. Nxd3 Rd8 37. Rd2 Bxd3 38. Rxd3 {KR-KR} Ra8 39. Rd2 Ra3+ 40. Kf4 b3 41. axb3 Rxb3 42. Kf5 Rb1 43. Rd8+ Kf7 44. Rd7+ Kf8 45. Rb7 Rf1+ 46. Kg4 Rf2 47. Rxb5 Rxg2+ 48. Kh3 Rg1 49. Rb7 h6 50. Kh4 Rg2 51. h3 Kg8 52. Kh5 Rg5+ 53. Kh4 Kh7 54. Rb6 Rg6 55. Rb7 Rg1 56. Kh5 Rg5+ 57. Kh4 Rd5 58. Rb6 Rd4+ 59. Kg3 {The position is equal.} h5 60. h4 Rd3+ 61. Kg2 Re3 62. Rc6 Kg8 63. Rc5 g6 64. Rc7 Kf8 65. Ra7 Re7 {Accuracy: White = 75%, Black = 77%.} 1/2-1/2

[Event "DEN-chT XtraCon 2018-19"]
[Site "Denmark"]
[Date "2019.03.17"]
[Round "9"]
[White "Vesterli, Michael E."]
[Black "Pedersen, Lars"]
[Result "1-0"]
[WhiteElo "2204"]
[BlackElo "2093"]
[Annotator "NA"]
[PlyCount "61"]
[EventDate "2018.10.27"]
[EventType "team-tourn"]
[EventCountry "DEN"]
[SourceTitle "playchess.com"]
[Source "ChessBase"]
[SourceQuality "1"]
[TimeControl "40/5400+30:1800+30"]

1. d4 {[%emt 0:00:00]} Nf6 {[%emt 0:00:00]} 2. c4 {[%emt 0:00:00]} e6 {[%emt 0:00:00]} 3. Nf3 {[%emt 0:00:00]} d5 {[%emt 0:00:24]} 4. Nc3 {[%emt 0:02:21]} Bb4 {[%emt 0:00:22]} 5. Bg5 {[%emt 0:02:05]} O-O {[%emt 0:01:45]} 6. e3 {[%emt 0:00:39]} c5 {[%emt 0:00:20]} 7. Qc2 {[%emt 0:06:03]} Nbd7 {[%emt 0:04:51]} 8. cxd5 {[%emt 0:01:38]} exd5 {[%emt 0:00:19]} 9. Be2 {[%emt 0:03:01]} Qa5 {[%emt 0:03:19]} 10. O-O {[%emt 0:05:11]} Bxc3 {[%emt 0:02:21] D38: Queen's Gambit Declined: Ragozin Defence (4 Nf3 Bb4)} 11. bxc3 {[%emt 0:00:05]} Ne4 {[%emt 0:01:21]} 12. Bd3 {[%emt 0:20:16]} (12. c4 Nxg5 13. Nxg5 Nf6 14. Nf3 Bg4 15. cxd5 cxd4 16. Nxd4 Rac8 17. Qb3 Bxe2 18. Nxe2 Qxd5 19. Rfc1 Qxb3 20. axb3 a6 21. Nf4 Rfd8 22. f3 h6 23. e4 Kf8 24. Kf1 Nd7 {½-½ (24) Ivanchuk,V (2768)-Alekseev,E (2659) Khanty-Mansiysk 2011}) 12... h6 $146 {[%emt 0:07:38]} ({Predecessor:} 12... Re8 13. c4 cxd4 14. exd4 Nf8 15. Be3 {1-0 (44) Hammer,J (2610)-Cramling,P (2536) Malmo 2010}) 13. Bf4 {[%emt 0:03:32]} Ndf6 {[%emt 0:04:09]} 14. c4 {[%emt 0:02:04]} Re8 {[%emt 0:11:47]} 15. cxd5 {[%emt 0:05:22]} cxd4 {[%emt 0:01:43]} 16. Nxd4 {[%emt 0:02:43]} Qxd5 {[%emt 0:09:36]} 17. Rab1 {[%emt 0:04:25]} a6 {[%emt 0:02:15]} 18. Rfd1 {[%emt 0:09:47]} (18. f3 $16 Ng5 19. Rfd1) 18... Qc5 {[%emt 0:15:15]} 19. Qb3 {[%emt 0:06:35]} b5 {[%emt 0:06:59]} 20. Rbc1 {[%emt 0:01:08]} Qd5 {[%emt 0:02:16]} 21. Qa3 {[%emt 0:02:36]} Bb7 {[%emt 0:03:59]} 22. f3 {[%emt 0:00:11]} Ng5 {[%emt 0:00:37]} 23. Rc5 {[%emt 0:00:42]} Qd8 {[%emt 0:00:56]} 24. Bc7 {[%emt 0:02:59]} Qe7 {[%emt 0:01:44]} 25. Nf5 {[%emt 0:00:36]} Qe6 {[%emt 0:00:35]} 26. h4 {[%emt 0:01:40]} Ngh7 $18 {[%emt 0:03:26]} (26... Bxf3 27. Rf1 (27. gxf3 Nxf3+ 28. Kh1 Nxh4 $16) (27. hxg5 Bxd1 28. gxf6 Qxf6 $14) 27... Be4) 27. Bc2 {[%emt 0:03:46]} Nd5 {[%emt 0:02:27]} 28. Nd6 {[%emt 0:06:17]} Nxe3 {[%emt 0:05:35]} 29. Bxh7+ {[%emt 0:00:47]} Kxh7 {[%emt 0:00:14]} 30. Re1 {[%emt 0:00:31]} Qg6 {[%emt 0:00:53]} 31. Rxe3 {[%emt 0:00:53]} 1-0

[Event "DEN-chT XtraCon 2018-19"]
[Site "Denmark"]
[Date "2019.03.17"]
[Round "9"]
[White "Skaanning-Pedersen, Kim Henrik"]
[Black "Sahl, Bjarke"]
[Result "1/2-1/2"]
[WhiteElo "2200"]
[BlackElo "2322"]
[Annotator "ChessBase"]
[PlyCount "35"]
[EventDate "2018.10.27"]
[EventType "team-tourn"]
[EventCountry "DEN"]
[SourceTitle "playchess.com"]
[Source "ChessBase"]
[SourceQuality "1"]
[TimeControl "40/5400+30:1800+30"]

1. Nf3 {[%emt 0:00:00]} Nf6 {[%emt 0:03:13]} 2. c4 {[%emt 0:02:01]} e6 {[%emt 0:04:33]} 3. g3 {[%emt 0:00:45]} d5 {[%emt 0:02:57]} 4. Bg2 {[%emt 0:00:38]} Be7 {[%emt 0:00:55]} 5. O-O {[%emt 0:00:28]} O-O {[%emt 0:00:03]} 6. b3 {[%emt 0:04:20]} d4 {[%emt 0:03:31]} 7. Bb2 {[%emt 0:03:12]} c5 {[%emt 0:00:14]} 8. b4 {[%emt 0:01:14]} a5 {[%emt 0:04:15]} 9. b5 {[%emt 0:08:54]} Qc7 {[%emt 0:03:46]} 10. d3 {[%emt 0:02:09]} Nbd7 {[%emt 0:08:37]} 11. e4 {[%emt 0:01:23]} dxe3 {[%emt 0:04:03]} 12. fxe3 {[%emt 0:00:38]} Rb8 {[%emt 0:01:40]} 13. Qe2 {[%emt 0:04:51]} b6 {[%emt 0:00:59]} 14. Nc3 {[%emt 0:04:52]} Bb7 {[%emt 0:00:31]} 15. Rae1 {[%emt 0:04:15]} Rbc8 {[%emt 0:06:33]} 16. Na4 {[%emt 0:04:34]} Rfd8 {[%emt 0:13:46]} 17. Bh3 {[%emt 0:05:13]} h6 {[%emt 0:04:38]} 18. e4 {[%emt 0:05:38]} 1/2-1/2

[Event "DEN-chT XtraCon 2018-19"]
[Site "Denmark"]
[Date "2019.03.17"]
[Round "9"]
[White "Grubert, Christian"]
[Black "Laursen, Niels"]
[Result "0-1"]
[WhiteElo "2161"]
[BlackElo "2126"]
[Annotator "NA"]
[PlyCount "74"]
[EventDate "2018.10.27"]
[EventType "team-tourn"]
[EventCountry "DEN"]
[SourceTitle "playchess.com"]
[Source "ChessBase"]
[SourceQuality "1"]
[TimeControl "40/5400+30:1800+30"]

1. e4 {[%emt 0:00:00]} d6 {[%emt 0:00:00]} 2. Nf3 {[%emt 0:00:00]} Nf6 {[%emt 0:00:14]} 3. d3 {[%emt 0:00:23]} g6 {[%emt 0:01:17]} 4. g3 {[%emt 0:00:06]} Bg7 {[%emt 0:00:08]} 5. Bg2 {[%emt 0:00:06]} O-O {[%emt 0:00:42]} 6. O-O {[%emt 0:00:06]} c5 {[%emt 0:01:13]} 7. Qe2 {[%emt 0:00:28]} Nc6 {[%emt 0:00:43]} 8. c3 {[%emt 0:00:09]} Bg4 {[%emt 0:07:22] A05: Réti Opening: 1 Nf3 Nf6} 9. h3 {[%emt 0:01:13]} Bxf3 {[%emt 0:00:12]} 10. Bxf3 {[%emt 0:00:12]} Rb8 {[%emt 0:03:53]} 11. Rd1 {[%emt 0:03:28]} Qc7 $146 {[%emt 0:08:16]} ({Predecessor:} 11... Nd7 12. Be3 b5 13. a3 a5 14. Bg2 b4 15. axb4 axb4 16. f4 {½-½ (36) Beukema,S (2383)-Beerdsen,T (2428) Belgium 2018}) 12. Be3 {[%emt 0:03:21]} b5 {[%emt 0:03:32]} 13. d4 {[%emt 0:00:43]} Nd7 {[%emt 0:03:35]} 14. Na3 {[%emt 0:05:21]} b4 {[%emt 0:05:04]} 15. Nc4 {[%emt 0:00:40]} Na5 {[%emt 0:05:51]} 16. Rac1 {[%emt 0:02:57]} Nxc4 {[%emt 0:05:51]} 17. Qxc4 {[%emt 0:00:09]} bxc3 {[%emt 0:03:30]} 18. bxc3 {[%emt 0:00:40]} Rb2 {[%emt 0:02:54]} 19. Bg2 {[%emt 0:10:56]} Rc8 {[%emt 0:06:12]} 20. dxc5 {[%emt 0:05:00]} Nxc5 {[%emt 0:00:39]} 21. Bd4 {[%emt 0:02:23]} (21. Rb1 $15 Qb8 22. Rxb2 Qxb2 23. Rc1) 21... Ne6 {[%emt 0:01:14]} 22. Qxc7 {[%emt 0:11:26]} Rxc7 {[%emt 0:00:10]} 23. Bxg7 Kxg7 {[%emt 0:00:32]} 24. e5 {[%emt 0:01:39]} dxe5 {[%emt 0:01:03]} 25. Rd5 {[%emt 0:09:10]} Nc5 {[%emt 0:03:17]} 26. Ra1 {[%emt 0:07:40]} Kf6 {[%emt 0:01:53]} 27. c4 {[%emt 0:05:25]} e6 {[%emt 0:00:50]} 28. Rd6 $19 {[%emt 0:01:01]} Ke7 {[%emt 0:08:22]} 29. Rdd1 {[%emt 0:02:54]} Rd7 {[%emt 0:01:26]} 30. Rxd7+ {[%emt 0:03:33]} Kxd7 {[%emt 0:00:12]} 31. a3 {[%emt 0:01:54]} f5 {[%emt 0:05:03]} 32. Re1 {[%emt 0:03:49]} e4 {[%emt 0:01:59]} 33. Re3 {[%emt 0:00:36]} Rb3 {[%emt 0:02:57]} 34. Rxb3 {[%emt 0:00:30]} Nxb3 {[%emt 0:00:05]} 35. f3 {[%emt 0:00:23]} exf3 {[%emt 0:00:30]} 36. Bxf3 {[%emt 0:00:03]} Nd2 {[%emt 0:01:01]} 37. Be2 {[%emt 0:00:19]} Kd6 {[%emt 0:00:36]} 0-1

[Event "DEN-chT XtraCon 2018-19"]
[Site "Denmark"]
[Date "2019.03.17"]
[Round "9"]
[White "Firooznia, Farzam"]
[Black "Seegert, Kristian"]
[Result "0-1"]
[WhiteElo "2104"]
[BlackElo "2227"]
[Annotator "NA"]
[PlyCount "120"]
[EventDate "2018.10.27"]
[EventType "team-tourn"]
[EventCountry "DEN"]
[SourceTitle "playchess.com"]
[Source "ChessBase"]
[SourceQuality "1"]
[TimeControl "40/5400+30:1800+30"]

1. e4 {[%emt 0:00:00]} c5 {[%emt 0:00:00]} 2. Nc3 {[%emt 0:00:00]} Nc6 {[%emt 0:00:00]} 3. f4 {[%emt 0:00:02]} e6 {[%emt 0:02:22]} 4. Nf3 {[%emt 0:00:04]} d5 {[%emt 0:03:08]} 5. Bb5 {[%emt 0:01:47]} Nf6 {[%emt 0:01:08]} 6. Bxc6+ {[%emt 0:00:59]} bxc6 {[%emt 0:00:06]} 7. d3 {[%emt 0:01:55]} Be7 {[%emt 0:00:57]} 8. O-O {[%emt 0:00:17]} O-O {[%emt 0:00:26]} 9. Qe1 {[%emt 0:01:22] B23: Closed Sicilian: Lines without g3} c4 {[%emt 0:11:56]} (9... Ba6 10. e5 Nd7 11. Qg3 f5 12. Kh1 Nb6 13. b3 c4 14. dxc4 dxc4 15. Rd1 Qc8 16. Bb2 c5 {0-1 (63) Hafiz,A (2324)-Karthikeyan,M (2580) New Delhi 2018}) 10. dxc4 {[%emt 0:06:00]} (10. e5 $5 {[%cal Re5f6]} Nd7 11. dxc4 $11) 10... Ba6 {[%emt 0:00:56]} 11. Ne5 {[%emt 0:03:37]} (11. e5 $11 Nd7 12. b3) 11... Bb4 {[%emt 0:05:27]} 12. exd5 {[%emt 0:06:02]} cxd5 {[%emt 0:00:27]} 13. Bd2 $146 {[%emt 0:01:33]} ({Predecessor:} 13. a3 Bc5+ 14. Kh1 dxc4 15. Be3 Qc7 16. Bxc5 Qxc5 {0-1 (24) Schenning,J-Den Boer,B (2335) Gent 1993}) 13... dxc4 {[%emt 0:05:28]} 14. Rd1 {[%emt 0:03:41]} Qc7 {[%emt 0:01:39]} 15. Rf3 {[%emt 0:07:11]} Rfd8 {[%emt 0:08:07]} 16. Rh3 {[%emt 0:02:29]} Bb7 {[%emt 0:06:54]} 17. Kf1 {[%emt 0:13:49]} Rd4 {[%emt 0:25:45]} 18. Nb5 $19 {[%emt 0:09:51]} Bxg2+ {[%emt 0:00:56]} 19. Kg1 {[%emt 0:02:09]} Qb6 {[%emt 0:13:33]} 20. Nxd4 {[%emt 0:01:09]} Bxd2 {[%emt 0:00:24]} 21. Rxd2 {[%emt 0:09:35]} Bxh3 {[%emt 0:00:18]} 22. Nxc4 {[%emt 0:01:07]} Qc5 {[%emt 0:01:38]} 23. Ne5 {[%emt 0:01:16]} Bf5 {[%emt 0:01:42]} 24. c3 {[%emt 0:01:42]} a5 {[%emt 0:02:02]} 25. Qe2 {[%emt 0:04:51]} Nd5 {[%emt 0:02:40]} 26. Qf2 {[%emt 0:00:46]} Bg6 {[%emt 0:01:46]} 27. f5 {[%emt 0:04:42]} exf5 {[%emt 0:00:53]} 28. Nxf5 {[%emt 0:07:01]} Qxf2+ {[%emt 0:00:12]} 29. Kxf2 {[%emt 0:02:12]} Bxf5 {[%emt 0:00:59]} 30. Rxd5 {[%emt 0:00:04]} Be6 {[%emt 0:00:25]} 31. Rb5 {[%emt 0:00:51]} Bxa2 {[%emt 0:00:39]} 32. b3 {[%emt 0:01:07]} g6 {[%emt 0:01:01]} 33. Rb7 {[%emt 0:00:48]} a4 {[%emt 0:00:21]} 34. bxa4 {[%emt 0:02:32]} Rxa4 {[%emt 0:00:01]} 35. Rc7 {[%emt 0:00:54]} Be6 {[%emt 0:00:57]} 36. Kg3 {[%emt 0:01:49]} Kg7 {[%emt 0:00:19]} 37. c4 {[%emt 0:00:36]} h5 {[%emt 0:00:34]} 38. c5 {[%emt 0:01:05]} Kf6 {[%emt 0:00:33]} 39. Nc6 {[%emt 0:01:42]} Rc4 {[%emt 0:01:35]} 40. Nd8 {[%emt 0:00:26]} g5 {[%emt 0:01:07]} 41. Nxe6 {[%emt 0:04:13]} Kxe6 {[%emt 0:08:04]} 42. c6 {[%emt 0:01:50]} f6 {[%emt 0:01:16]} 43. Kg2 {[%emt 0:01:16]} Kf5 {[%emt 0:14:58]} 44. Rh7 {[%emt 0:03:34]} h4 {[%emt 0:00:51]} 45. c7 {[%emt 0:02:00]} Kg4 {[%emt 0:00:48]} 46. Rd7 {[%emt 0:00:40]} Rc2+ {[%emt 0:00:17]} 47. Kg1 {[%emt 0:02:18]} f5 {[%emt 0:01:22]} 48. Kf1 {[%emt 0:01:33]} f4 {[%emt 0:01:53]} 49. Ke1 {[%emt 0:03:45]} Kf3 {[%emt 0:02:59]} 50. Rd3+ {[%emt 0:00:26]} Ke4 {[%emt 0:00:34]} 51. Rd7 {[%emt 0:00:05]} Ke3 {[%emt 0:00:32]} 52. Re7+ {[%emt 0:00:56]} Kf3 {[%emt 0:00:12]} 53. h3 {[%emt 0:01:16]} g4 {[%emt 0:01:47]} 54. hxg4 {[%emt 0:00:01]} h3 {[%emt 0:01:14]} 55. Rh7 {[%emt 0:04:03]} Kg2 {[%emt 0:00:44]} 56. Rd7 {[%emt 0:00:23]} Kg3 {[%emt 0:00:36]} 57. Kd1 {[%emt 0:02:11]} Rc4 {[%emt 0:00:08]} 58. Rd3+ {[%emt 0:00:41]} f3 {[%emt 0:00:03]} 59. Rd2 {[%emt 0:00:47]} h2 {[%emt 0:00:28]} 60. Rc2 {[%emt 0:00:24]} h1=Q+ 0-1

[Event "DEN-chT XtraCon 2018-19"]
[Site "Denmark"]
[Date "2019.03.17"]
[Round "9"]
[White "Dougherty, Thomas J S"]
[Black "Pedersen, Nicolai Kvist Brond"]
[Result "1/2-1/2"]
[WhiteElo "2075"]
[BlackElo "2298"]
[Annotator "NA"]
[PlyCount "86"]
[EventDate "2018.10.27"]
[EventType "team-tourn"]
[EventCountry "DEN"]
[SourceTitle "playchess.com"]
[Source "ChessBase"]
[SourceQuality "1"]
[TimeControl "40/5400+30:1800+30"]

1. c4 {[%emt 0:00:00]} Nf6 {[%emt 0:00:00]} 2. Nc3 {[%emt 0:00:00]} c5 {[%emt 0:00:00]} 3. g3 {[%emt 0:00:00]} e6 {[%emt 0:00:20]} 4. Bg2 {[%emt 0:00:26]} d5 {[%emt 0:00:19]} 5. cxd5 {[%emt 0:00:32]} exd5 {[%emt 0:00:17]} 6. d3 {[%emt 0:04:32]} d4 {[%emt 0:06:17] LiveBook: 10 Games} 7. Nb1 {[%emt 0:08:16] A34: Symmetrical English: 2 Nc3, lines with ...d5} Bd6 {[%emt 0:00:37]} (7... Be7 8. Nf3 Nc6 9. O-O O-O 10. Bg5 Be6 11. Nbd2 Rc8 12. Rc1 Qb6 13. a4 h6 14. Bxf6 Bxf6 {½-½ (76) Mamedov,R (2636)-Sethuraman,S (2529) Moscow 2012}) 8. Nf3 {[%emt 0:00:16]} O-O {[%emt 0:01:48]} 9. O-O {[%emt 0:00:42]} Nc6 {[%emt 0:06:08]} 10. Bg5 {[%emt 0:10:18]} h6 $146 {[%emt 0:01:08]} ({Predecessor:} 10... Re8 11. Nbd2 Bf5 12. Re1 h6 13. Bxf6 Qxf6 {0-1 (29) Brajovic,S (2250)-Popovic,S (2150) Yugoslavia 1999}) 11. Bxf6 {[%emt 0:01:02]} Qxf6 {[%emt 0:00:02]} 12. Nbd2 {[%emt 0:00:20]} Qe6 {[%emt 0:04:42]} 13. Rc1 {[%emt 0:06:47]} Be7 {[%emt 0:06:07]} ({Not} 13... Qxa2 $2 14. Nc4 $18) 14. Nb3 {[%emt 0:14:42]} Qf5 {[%emt 0:18:28]} 15. Nfd2 {[%emt 0:10:08]} Bd7 {[%emt 0:06:39]} 16. Be4 {[%emt 0:07:56]} Qh5 {[%emt 0:03:36]} 17. Bf3 {[%emt 0:02:56]} Qe5 {[%emt 0:01:32]} 18. Re1 {[%emt 0:05:57]} Rfe8 {[%emt 0:08:35]} 19. Bg2 {[%emt 0:09:50]} b6 {[%emt 0:01:47]} 20. Nf3 {[%emt 0:01:00]} Qd6 {[%emt 0:01:01]} 21. a3 $17 {[%emt 0:02:20]} Rad8 {[%emt 0:01:49]} 22. Nbd2 {[%emt 0:02:09]} Qb8 {[%emt 0:06:36]} 23. Nc4 {[%emt 0:03:12]} Be6 {[%emt 0:03:54]} 24. Qd2 {[%emt 0:04:42]} Bd5 {[%emt 0:01:51]} 25. Rb1 {[%emt 0:00:59]} Qc7 {[%emt 0:02:17]} 26. Qf4 {[%emt 0:02:25]} Qxf4 {[%emt 0:02:01]} 27. gxf4 {[%emt 0:00:02]} Bf6 {[%emt 0:05:46]} 28. b4 {[%emt 0:00:48]} b5 {[%emt 0:02:13]} 29. Nce5 {[%emt 0:00:29]} cxb4 {[%emt 0:01:51]} 30. Nxc6 {[%emt 0:00:25]} Bxc6 {[%emt 0:00:03]} 31. axb4 {[%emt 0:00:34]} Bb7 {[%emt 0:02:24]} 32. Kf1 {[%emt 0:00:30]} Rc8 {[%emt 0:00:30]} 33. Ra1 {[%emt 0:00:49]} a6 {[%emt 0:00:35]} 34. Ne5 {[%emt 0:00:37]} Bxg2+ {[%emt 0:00:38]} 35. Kxg2 {[%emt 0:00:06]} Bxe5 {[%emt 0:02:27]} 36. fxe5 {[%emt 0:00:07]} Rc6 {[%emt 0:00:44]} 37. f4 {[%emt 0:00:47]} f6 {[%emt 0:00:50]} 38. Rec1 {[%emt 0:00:36]} Rxc1 {[%emt 0:00:52]} 39. Rxc1 {[%emt 0:00:05]} fxe5 {[%emt 0:00:07]} 40. fxe5 {[%emt 0:00:24]} Rxe5 {[%emt 0:00:20]} 41. Kf2 {[%emt 0:31:04]} Re6 {[%emt 0:22:00]} 42. Rc8+ {[%emt 0:00:00]} Kf7 {[%emt 0:00:45]} 43. Rd8 {[%emt 0:00:00]} Rf6+ {[%emt 0:01:55]} 1/2-1/2